• 首页
  • 本馆介绍
  • 公告通知
  • 最新文献
  • 馆藏检索
  • 电子资源
  • 读者导购
  • 参考咨询
  • 我的图书馆
  • 登录
  • 详细信息显示
  • 放入我的书架
  • 预约/预借图书
  • 作者相关作品
  • 分类相关作品
  • 丛书相关作品
  • 出版社相关作品

书目信息

  • 表格格式
  • 工作单格式
  • 卡片格式
题名:
祖本瑜伽
    
 
作者: 王尚琦 著
分册:  
出版信息: 天津   天津人民美术出版社  2017.6
页数: 174页
开本: 29cm
丛书名: 图说全民健身体育运动丛书
单 册:
中图分类: R793.51-64
科图分类:
主题词: 瑜伽--Yu Jia--图解
电子资源:
ISBN: 978-7-5305-8080-6
000 01042nam0 2200277 450
001 012001003637
005 20131013173428.0
010    @a978-7-5305-8080-6@dCNY38.80
099    @aCAL 012018119338
100    @a20170626d2017 em y0chiy50 ea
101 0  @achi
102    @aCN@b120000
105    @ay z 000yy
106    @ar
200 1  @a祖本瑜伽@Azu ben yu ga@e最简单的养生课@f王尚琦著
210    @a天津@c天津人民美术出版社@d2017.6
215    @a174页@c图@d29cm
225 2  @a图说全民健身体育运动丛书@ATu Shuo Quan Min Jian Shen Ti Yu Yun Dong Cong Shu
330    @a本书遵循体育课程建设的客观规律,将体育文化、健康理念纳入其中,详尽地为我们讲述了瑜伽的修习、饮食等内容,能够使练习者获得强身健体、塑体美容、改善情绪,甚至治愈疾病等多重益处。祖本瑜伽——最简单的养生课,值得您拥有!
410  0 @12001 @a图说全民健身体育运动丛书
517 1  @a最简单的养生课
606 0  @a瑜伽@AYu Jia@x图解
690    @aR793.51-64@v5
701  0 @a王尚琦@Awang shang qi@4著
801    @b江苏凤凰@c20191020
905    @b1233489-94@dR793.51-64@e19@f6
    
    祖本瑜伽:最简单的养生课/王尚琦著.-天津:天津人民美术出版社,2017.6
    174页:图;29cm.-(图说全民健身体育运动丛书)
    
    
    ISBN 978-7-5305-8080-6:CNY38.80
    本书遵循体育课程建设的客观规律,将体育文化、健康理念纳入其中,详尽地为我们讲述了瑜伽的修习、饮食等内容,能够使练习者获得强身健体、塑体美容、改善情绪,甚至治愈疾病等多重益处。祖本瑜伽——最简单的养生课,值得您拥有!
●
相关链接 在E读中查询图书 在五车中查询图书 在当当中查询图书 在豆瓣中查询图书


正题名:祖本瑜伽     索取号:R793.51-64/19         预约/预借

序号 登录号 条形码 馆藏地/架位号 状态 备注
1 1233489   212334892   第二样本阅览室/ [索取号:R793.51-64/19] 在馆    
2 1233490   212334909   教育系资料室/ [索取号:R793.51-64/19] 在馆    
3 1233491   212334918   教育系资料室/ [索取号:R793.51-64/19] 在馆    
4 1233492   212334927   第三借阅区/ [索取号:R793.51-64/19] 在馆    
5 1233493   212334936   教育系资料室/ [索取号:R793.51-64/19] 在馆    
6 1233494   212334945   第三借阅区/ [索取号:R793.51-64/19] 在馆    
唐山师范学院图书馆 欢迎您!
大连网信软件有限公司© 版权所有